[Event "FRA-ch Blitz Online Qual"]
[Site "Europe Echecs INT"]
[Date "2020.05.16"]
[Round "9"]
[White "Zachary, Bastian"]
[Black "Daurelle, Herve"]
[Result "1/2-1/2"]
[WhiteElo "1923"]
[BlackElo "2205"]
[PlyCount "200"]
[EventDate "2020.05.16"]
[EventType "swiss (blitz)"]
[EventRounds "15"]
[EventCountry "FRA"]
[SourceTitle "CBM 196 Extra"]
[Source "ChessBase"]
[SourceDate "2020.07.31"]
[SourceVersion "1"]
[SourceVersionDate "2020.07.31"]
[SourceQuality "1"]

1. d4 Nf6 2. Bf4 d5 3. e3 c5 4. Nf3 e6 5. c3 Bd6 6. Bg3 Qc7 7. Bd3 Nbd7 8. Nbd2 e5 9. dxe5 Nxe5 10. Nxe5 Bxe5 11. Bxe5 Qxe5 12. Nf3 Qe7 13. 0-0 0-0 14. Re1 Bg4 15. h3 Bh5 16. Be2 Rad8 17. Qc2 Bg6 18. Qc1 Rfe8 19. Bb5 Nd7 20. c4 a6 21. Bxd7 Rxd7 22. cxd5 Rxd5 23. Qc3 Red8 24. Rac1 b5 25. a4 b4 26. Qc4 Bd3 27. Qf4 c4 28. e4 Rc5 29. e5 b3 30. Nd4 Rc7 31. e6 f6 32. Nf5 Bxf5 33. Qxf5 c3 34. Rxc3 Rxc3 35. bxc3 b2 36. Rb1 Rb8 37. Qd5 g6 38. Qd7 Kf8 39. Qd2 Qxe6 40. Rxb2 Rxb2 41. Qxb2 Qe1+ 42. Kh2 Qe5+ 43. g3 Kg7 44. Qb7+ Kh6 45. Qxa6 Qxc3 46. Kg2 Qd4 47. Kg1 Qd1+ 48. Kg2 Qd5+ 49. Kh2 Qd4 50. Qe2 Qxa4 51. Qe3+ Kg7 52. Qe7+ Kg8 53. Qxf6 Qe4 54. h4 Qd5 55. Qf4 Qe6 56. g4 Qe7 57. Kg3 Qa3+ 58. f3 Qb2 59. Qe4 Qb6 60. Qd5+ Kg7 61. Qe5+ Kf7 62. Qf4+ Kg7 63. Qe5+ Kf7 64. Qd5+ Kg7 65. Qd7+ Kg8 66. Qe8+ Kg7 67. Qe7+ Kg8 68. h5 Qg1+ 69. Kf4 Qh2+ 70. Kg5 Qd2+ 71. Kh4 Qh2+ 72. Kg5 Qd2+ 73. Kf6 Qf4+ 74. Ke6 Qe3+ 75. Kd7 Qd3+ 76. Ke8 Qb5+ 77. Qd7 Qb8+ 78. Ke7 Qb4+ 79. Qd6 Qb7+ 80. Ke6 Qf7+ 81. Ke5 Qxf3 82. Qd8+ Kg7 83. Qe7+ Kg8 84. Qg5 Qe2+ 85. Kd6 Qd3+ 86. Qd5+ Qxd5+ 87. Kxd5 gxh5 88. gxh5 Kg7 89. Ke4 Kh6 90. Kf4 Kxh5 91. Kg3 Kg5 92. Kh3 h5 93. Kg3 h4+ 94. Kh3 Kh5 95. Kh2 Kg4 96. Kg2 h3+ 97. Kh2 Kh4 98. Kh1 Kg3 99. Kg1 h2+ 100. Kh1 Kh3 1/2-1/2

[Event "FRA-chT U16"]
[Site "Sautron"]
[Date "2018.05.20"]
[Round "2.5"]
[White "Zachary, Bastian"]
[Black "Cornileau, Juliette"]
[Result "1-0"]
[WhiteElo "1897"]
[BlackElo "1656"]
[PlyCount "121"]
[EventDate "2018.05.19"]
[EventType "team-match"]
[EventRounds "5"]
[EventCountry "FRA"]
[SourceTitle "EXT 2019"]
[Source "ChessBase"]
[SourceDate "2018.10.10"]
[SourceVersion "1"]
[SourceVersionDate "2018.10.10"]
[SourceQuality "1"]

1. d4 Nf6 2. c4 e5 3. dxe5 Ng4 4. Bf4 Nc6 5. Nf3 Bc5 6. e3 Qe7 7. a3 a5 8. Nc3 d6 9. exd6 Bxd6 10. Bxd6 Qxd6 11. Qxd6 cxd6 12. Rd1 Ke7 13. Nd5+ Kd8 14. Nb6 Rb8 15. Rxd6+ Kc7 16. Nxc8 Rbxc8 17. Rd1 Rhe8 18. Bd3 h6 19. 0-0 Rcd8 20. b3 g6 21. h3 Nge5 22. Nxe5 Rxe5 23. Rfe1 f5 24. f4 Re6 25. Kf2 Rde8 26. g3 b6 27. Bf1 Nb8 28. Bg2 Nd7 29. Rd4 Nc5 30. b4 Ne4+ 31. Bxe4 Rxe4 32. Rxe4 Rxe4 33. Rc1 Re6 34. Ke2 Rc6 35. Kd2 Rd6+ 36. Kc3 Kd7 37. Rc2 Ke6 38. Rd2 Rc6 39. Rd5 Rc8 40. bxa5 bxa5 41. Rxa5 Rd8 42. Rd5 Rb8 43. Rd1 Ra8 44. Ra1 Kd6 45. a4 Kc5 46. a5 Re8 47. Kd3 Rd8+ 48. Ke2 Kxc4 49. a6 Ra8 50. a7 Kb5 51. Kf3 Kb6 52. e4 Rxa7 53. Rxa7 Kxa7 54. exf5 gxf5 55. Ke3 Kb6 56. Kd4 Kc6 57. Ke5 Kc5 58. Kxf5 Kd5 59. Kg6 Ke6 60. f5+ Ke7 61. Kg7 1-0

[Event "FRA-ch U12 "]
[Site "Agen"]
[Date "2018.04.17"]
[Round "4"]
[White "Zachary, Bastian"]
[Black "Bat, Bilguun"]
[Result "1-0"]
[WhiteElo "1884"]
[BlackElo "1951"]
[PlyCount "133"]
[EventDate "2018.04.15"]
[EventType "swiss"]
[EventRounds "9"]
[EventCountry "FRA"]
[SourceTitle "EXT 2019"]
[Source "ChessBase"]
[SourceDate "2018.10.10"]
[SourceVersion "1"]
[SourceVersionDate "2018.10.10"]
[SourceQuality "1"]

1. d4 Nf6 2. c4 e6 3. Nf3 b6 4. g3 Bb4+ 5. Bd2 Bxd2+ 6. Nbxd2 Bb7 7. Bg2 0-0 8. 0-0 c5 9. e3 Nc6 10. Nb3 d6 11. Re1 Ne7 12. Rc1 Rc8 13. Nfd2 Bxg2 14. Kxg2 cxd4 15. exd4 d5 16. c5 Nc6 17. Nf3 Nd7 18. Qd2 a5 19. cxb6 Qxb6 20. Nc5 Nxc5 21. Rxc5 Rb8 22. Rec1 Ne7 23. b3 Ra8 24. Ne5 Qb4 25. Qxb4 axb4 26. R1c2 Nf5 27. Nc6 h5 28. h3 g5 29. Rd2 Nd6 30. Rcc2 g4 31. Nxb4 Ne4 32. Re2 Ng5 33. hxg4 hxg4 34. Nc6 Nf3 35. Rc1 Kg7 36. Ne5 Nxd4 37. Rd2 Nf5 38. Nxg4 Ra3 39. Ne3 Nd6 40. f3 Rfa8 41. Rcc2 Kf8 42. Nd1 Ke7 43. Nc3 R3a7 44. Na4 Rh8 45. Rd1 Nf5 46. Re2 Kd6 47. Nc3 Rb7 48. Ne4+ Ke7 49. Nc5 Rb5 50. Rxd5 Rc8 51. Rxf5 Rbxc5 52. Rxc5 Rxc5 53. Rb2 f5 54. Kf2 e5 55. b4 Rc8 56. b5 Rh8 57. Ke3 Kd7 58. b6 Kc8 59. Rb5 Re8 60. b7+ Kb8 61. f4 exf4+ 62. Kxf4 Rg8 63. Rb3 Rf8 64. a4 Rd8 65. Kxf5 Rd5+ 66. Ke4 Ra5 67. Rb4 1-0

[Event "EU-ch U10 26th"]
[Site "Prague"]
[Date "2016.08.22"]
[Round "5"]
[White "Maneluk, Daniil"]
[Black "Zachary, Bastian"]
[Result "1-0"]
[WhiteElo "1991"]
[BlackElo "1621"]
[PlyCount "85"]
[EventDate "2016.08.18"]
[EventType "swiss"]
[EventRounds "9"]
[EventCountry "CZE"]
[SourceTitle "CBM 174 Extra"]
[Source "ChessBase"]
[SourceDate "2016.10.10"]
[SourceVersion "1"]
[SourceVersionDate "2016.10.10"]
[SourceQuality "1"]

1. e4 e5 2. Nf3 Nc6 3. Bb5 a6 4. Ba4 Nf6 5. 0-0 b5 6. Bb3 Bc5 7. Re1 0-0 8. c3 d6 9. d4 Bb6 10. h3 h6 11. Be3 Re8 12. Nbd2 Bb7 13. d5 Ne7 14. Bxb6 cxb6 15. Qe2 Ng6 16. g3 Bc8 17. h4 Bg4 18. Qe3 Rb8 19. Nh2 Bd7 20. Bd1 Qc8 21. Be2 Ng4 22. Nxg4 Bxg4 23. h5 Bxe2 24. Qxe2 Nf8 25. a4 bxa4 26. Rxa4 a5 27. Rc4 Qd7 28. Rc6 Rec8 29. Qb5 Rxc6 30. dxc6 Qc7 31. b4 axb4 32. cxb4 Rc8 33. Rc1 Ne6 34. Qc4 Nd4 35. b5 Ra8 36. Nb3 Ne6 37. Rd1 Kf8 38. Qb4 Ke7 39. Nd2 f6 40. Nc4 Nd4 41. Ne3 Qd8 42. c7 Qc8 43. Nd5+ 1-0

[Event "FRA-chT U20 Top"]
[Site "Bischwiller"]
[Date "2016.05.15"]
[Round "2"]
[White "Zachary, Bastian"]
[Black "Makkar, Rajat"]
[Result "0-1"]
[WhiteElo "1655"]
[BlackElo "1833"]
[PlyCount "110"]
[EventDate "2016.05.14"]
[EventType "tourn"]
[EventRounds "11"]
[EventCountry "FRA"]
[SourceTitle "EXT 2019"]
[Source "ChessBase"]
[SourceDate "2018.10.10"]
[SourceVersion "1"]
[SourceVersionDate "2018.10.10"]
[SourceQuality "1"]

1. d4 d5 2. c4 dxc4 3. e3 Nf6 4. Nc3 c5 5. Nf3 cxd4 6. Nxd4 e5 7. Nf3 Nc6 8. Bxc4 Bb4 9. 0-0 0-0 10. a3 Bxc3 11. bxc3 Bg4 12. Be2 Qa5 13. Bb2 Rfd8 14. Qc2 e4 15. Nd4 Ne5 16. Bxg4 Nexg4 17. Ne2 Rac8 18. Rad1 Ne5 19. Rd4 Nd3 20. Nc1 Rxd4 21. exd4 Nxb2 22. Qxb2 Qxc3 23. Qxc3 Rxc3 24. Rd1 Nd5 25. h3 f5 26. Ne2 Rxa3 27. Rb1 b6 28. Rb5 Ne7 29. d5 Rd3 30. Nf4 Rd1+ 31. Kh2 g5 32. Nh5 Kf7 33. g4 f4 34. d6 Rxd6 35. Rxg5 Rd2 36. Kg1 e3 37. fxe3 fxe3 38. Kf1 a5 39. Rg7+ Ke8 40. Rxh7 a4 41. g5 a3 42. Rh8+ Kd7 43. Nf6+ Ke6 44. Ra8 a2 45. Ke1 Rh2 46. Ne4 Rh1+ 47. Ke2 a1Q 48. Rxa1 Rxa1 49. Kxe3 Ra3+ 50. Kd4 Nf5+ 51. Kc4 Ra4+ 52. Kb5 Rxe4 53. Kxb6 Rh4 54. g6 Rxh3 55. Kc6 Rc3+ 0-1